[Event "Baku"]
[Site "Baku"]
[Date "1997.??.??"]
[Round "1"]
[White "Guliev, Sarhan"]
[Black "Karpatchev, Aleksandr"]
[Result "0-1"]
[WhiteElo "2425"]
[BlackElo "2390"]

1.d4 d5 2.c4 dxc4 3.Nf3 Nf6 4.e3 e6 5.Bxc4 c5 6.O-O a6 7.a4 Nc6 8.Qe2 Qc7
9.Nc3 Bd6 10.b3 O-O 11.Bb2 b6 12.h3 Bb7 13.Rfd1 cxd4 14.exd4 Na5 15.d5 Nxc4
16.bxc4 Rfe8 17.Qd3 Rac8 18.Ng5 h6 19.Nge4 Bh2+ 20.Kh1 Be5 21.d6 Qc6 22.Nxf6+ Bxf6
23.f3 Red8 24.Rac1 Qc5 25.d7 Rc7 26.Qd6 Qxd6 27.Rxd6 Rdxd7 28.Rxb6 Rxc4 29.Rd1 Rdc7
30.Na2 Bxb2 31.Rxb2 a5 32.Rb5 Rxa4 33.Rd2 Bd5  0-1

[Event "Baku"]
[Site "Baku"]
[Date "1997.??.??"]
[Round "10"]
[White "Mirzoev, Azer"]
[Black "Karpatchev, Aleksandr"]
[Result "1/2-1/2"]
[WhiteElo "2430"]
[BlackElo "2390"]

1.d4 d5 2.Nf3 Nf6 3.c4 dxc4 4.e3 e6 5.Bxc4 c5 6.O-O a6 7.Qe2 b5 8.Bb3 Bb7
9.Rd1 Nbd7 10.Nc3 Bd6  1/2-1/2

[Event "Baunatal op"]
[Site "Baunatal"]
[Date "1997.??.??"]
[Round "7"]
[White "Luechtemeier, Peter"]
[Black "Meins, Gerlef"]
[Result "1/2-1/2"]
[WhiteElo "2135"]
[BlackElo "2460"]

1.d4 d5 2.Nf3 Nf6 3.c4 dxc4 4.e3 e6 5.Bxc4 c5 6.O-O a6 7.Bb3 Nbd7 8.Qe2 Qc7
9.Nc3 Bd6 10.Bd2 b5 11.a3 Bb7 12.Rac1 Qb8 13.h3 O-O 14.Rfd1 Bc6 15.e4 b4
16.axb4 cxb4 17.Na4 Bxe4 18.Nc5 Bxc5 19.dxc5 Rc8 20.Ng5 Bd5 21.Bxd5 exd5
22.Qe7 Ne5 23.c6 Ra7 24.Qxb4 Qxb4 25.Bxb4 Rac7 26.Bd6 Rxc6 27.Rxc6 Nxc6 28.Nf3 h6
29.Rc1 Ne4 30.Ba3 f6 31.Nd4 Na7 32.Rd1 Kf7 33.f3 Ng5 34.h4 Nh7 35.Nf5 Rd8
36.Nd6+  1/2-1/2

[Event "Benasque op"]
[Site "Benasque"]
[Date "1997.??.??"]
[Round "2"]
[White "Mayo Martinez, Manuel"]
[Black "Cifuentes Parada, Roberto"]
[Result "1/2-1/2"]
[WhiteElo "2205"]
[BlackElo "2515"]

1.d4 d5 2.c4 dxc4 3.Nf3 Nf6 4.e3 e6 5.Bxc4 c5 6.O-O a6 7.dxc5 Bxc5 8.Qxd8+ Kxd8
9.Nc3 b5 10.Bd3 Bb7 11.Ng5 Ke7 12.Nge4 Nbd7 13.a3 Bb6 14.Bd2 Ne5 15.Bc2 Nc4
16.Nxf6 Nxd2 17.Rfd1 Rad8 18.Nfd5+ Bxd5 19.Rxd2 Bc6 20.Rad1 Rxd2 21.Rxd2 Rc8
22.h3 f5 23.Bd1 Bd7 24.Bf3 a5 25.Be2 b4 26.axb4 axb4 27.Na2 b3 28.Nb4 Ba5
29.Rd4 e5 30.Nd5+ Ke6 31.Rd1 Rc2 32.Bd3 Rc5 33.f3 Bc6 34.e4 f4 35.Kf1 h6
36.Ke2 Bxd5 37.exd5+ Kxd5 38.Be4+ Ke6 39.Ra1 Kd6 40.Ra3 Rb5 41.Bd3 Rc5 42.Be4 Ke6
43.Rxb3 Rc1 44.Rb5 Re1+ 45.Kd3 Bc7 46.Rc5 Bd6 47.Rc2  1/2-1/2

[Event "Benasque op"]
[Site "Benasque"]
[Date "1997.??.??"]
[Round "6"]
[White "Kurajica, Bojan"]
[Black "Ivanov, Jordan"]
[Result "1-0"]
[WhiteElo "2545"]
[BlackElo "2365"]

1.d4 d5 2.c4 dxc4 3.e3 Nf6 4.Bxc4 e6 5.Nf3 c5 6.O-O a6 7.Bd3 Nc6 8.a3 b5
9.dxc5 Bxc5 10.Qc2 Qb6 11.b4 Be7 12.Nbd2 Bb7 13.Nb3 Rc8 14.Qe2 Nd7 15.Bb2 O-O
16.Rfd1 Rcd8 17.Rac1 Qa7 18.Be4 Qa8 19.Qc2 Nf6 20.Bxf6 gxf6 21.Bxh7+ Kg7
22.Bd3 Ne5 23.Nxe5 fxe5 24.e4 Bg5 25.Ra1 Rxd3 26.Qxd3 Bxe4 27.Qg3 Kh6 28.Nc5 Bf5
29.Qxe5 Rg8 30.Qd4 Rg6 31.Ra2 Bf6 32.Qe3+ Kg7 33.f3 Bg5 34.Qf2 Bf4 35.g3 Qh8
36.Kf1 Be5 37.f4 Qh3+ 38.Kg1 Bc3 39.Qe3 Bf6 40.Nd7 Bh4 41.Rg2 Be7 42.Ne5  1-0

[Event "Biel op MTO"]
[Site "Biel"]
[Date "1997.??.??"]
[Round "6"]
[White "Levin, Felix"]
[Black "Raetsky, Alexander"]
[Result "1-0"]
[WhiteElo "2475"]
[BlackElo "2405"]

1.d4 d5 2.c4 dxc4 3.e3 Nf6 4.Bxc4 e6 5.Nf3 c5 6.Qe2 a6 7.dxc5 Bxc5 8.O-O b5
9.Bb3 Bb7 10.a4 Nbd7 11.Bc2 b4 12.Nbd2 Qc7 13.Bd3 O-O 14.e4 Rfd8 15.Nc4 Nh5
16.e5 Bxf3 17.Qxf3 g6 18.Bg5 Rdc8 19.Rfe1 Nb6 20.Rac1 Nxa4 21.Nd6 Rf8 22.Bh6 Nxb2
23.Be4 Qa7 24.Rxc5 Qxc5 25.Bxa8 Ng7 26.Bc6 Nc4 27.Qf6 Nh5 28.Qe7  1-0

[Event "Biel op MTO"]
[Site "Biel"]
[Date "1997.??.??"]
[Round "7"]
[White "Romanishin, Oleg M"]
[Black "Skomorokhin, Roman"]
[Result "1/2-1/2"]
[WhiteElo "2550"]
[BlackElo "2470"]

1.d4 d5 2.Nf3 Nf6 3.c4 dxc4 4.e3 e6 5.Bxc4 c5 6.O-O a6 7.Bb3 cxd4 8.exd4 Nc6
9.Nc3 Be7 10.Bf4 O-O 11.Rc1 Na5 12.Bc2 b5 13.a4 b4 14.Ne4 Nd5 15.Bg5 Bxg5
16.Nexg5 Nf6 17.Qd3 g6 18.Ne5 Bb7 19.Bd1 Ne8 20.Ne4 f6 21.Nf3 Bd5 22.Nc5 Qd6
23.Nd2 Ng7 24.Bf3 Rfd8 25.Rfe1 Ra7 26.h3 Nc6 27.Ndb3 e5 28.Bxd5+ Qxd5 29.Ne4 Ne8
30.Rc5 Qe6 31.d5 Ne7 32.Qe3 Qf7 33.Rd1 Rad7 34.Qe2  1/2-1/2

[Event "Bratto op"]
[Site "Bratto"]
[Date "1997.??.??"]
[Round "3"]
[White "Rossi, Giampiero"]
[Black "Ferretti, Folco"]
[Result "1/2-1/2"]
[WhiteElo "2140"]
[BlackElo "2255"]

1.d4 d5 2.c4 dxc4 3.Nf3 Nf6 4.e3 e6 5.Bxc4 c5 6.O-O a6 7.Nc3 b5 8.Be2 Bb7
9.dxc5 Qxd1 10.Rxd1 Bxc5 11.Bd2 Nbd7 12.a4 b4 13.Na2 a5 14.Be1 O-O 15.Rac1 Rac8
16.b3 Nb6 17.Nd2 Nfd7 18.Rc2 Bd5 19.Nc1 Be7 20.Rxc8 Rxc8 21.e4 Bb7 22.f3 Bg5
23.Nd3 Ba6 24.Kf1 Rc3 25.Nc1 Bb7 26.Bb5 Nc5 27.Ne2 Rc2 28.Rc1 Rxc1 29.Nxc1 f5
30.exf5 exf5 31.Nd3 Nxd3 32.Bxd3 Bd5 33.Bc2 Be6 34.Ke2 Nd5 35.Bf2 Nf4+ 36.Kf1 Bd7
37.Nc4 Bd8 38.Bb6 Bxb6 39.Nxb6 Be6 40.g3 Ng6 41.Kf2 Ne5 42.Ke3 Kf7 43.h3 Ke7
44.f4 Nc6 45.Kd3 Kd6 46.Nc4+ Kc5 47.Nd2 Nd4 48.Bd1 Bd5 49.Ke3 Bg2 50.h4 Bd5
51.Kd3 Bb7 52.Ke3 Ba6 53.Nf3 Nxf3 54.Bxf3 Bc8 55.Bd1 g6 56.h5 Bd7 57.hxg6 hxg6
58.Bc2 Bc6 59.Bd3 Bd5  1/2-1/2

[Event "Budapest FS12 GM"]
[Site "Budapest"]
[Date "1997.??.??"]
[Round "1"]
[White "Varga, Zoltan"]
[Black "Almasi, Istvan"]
[Result "1/2-1/2"]
[WhiteElo "2495"]
[BlackElo "2430"]

1.d4 d5 2.c4 dxc4 3.Nf3 Nf6 4.e3 e6 5.Bxc4 c5 6.O-O a6 7.a4 Nc6 8.Qe2 cxd4
9.Rd1 Be7 10.exd4 O-O 11.Nc3 Nd5 12.Qe4 Ncb4 13.Bb3 b6  1/2-1/2

[Event "Budapest FS12 IM-A"]
[Site "Budapest"]
[Date "1997.??.??"]
[Round "3"]
[White "Peredy, Ferenc"]
[Black "Nguyen Thi Tuong Van"]
[Result "1-0"]
[WhiteElo "2430"]
[BlackElo "2160"]

1.d4 d5 2.c4 dxc4 3.Nf3 Nf6 4.e3 e6 5.Bxc4 c5 6.O-O a6 7.a3 b5 8.Ba2 Bb7
9.Nc3 Be7 10.Qe2 Nbd7 11.Rd1 Qb6 12.h3 O-O 13.e4 cxd4 14.Nxd4 Bc5 15.Nb3 h6
16.Nxc5 Nxc5 17.Be3 Qc6 18.Rac1 Ncxe4 19.Nd5 exd5 20.Rxc6 Bxc6 21.Bd4 Rfe8
22.Qd3 b4 23.axb4 Bb5 24.Qa3 Re6 25.Kh2 Rc8 26.Bb1 Be2 27.Re1 Rc4 28.Be3 Bh5
29.Bd3 Rcc6 30.b5 axb5 31.Qa8+ Kh7 32.f3 Bg6 33.fxe4 Bxe4 34.Bxe4+ Nxe4 35.Qb7 Ng5
36.Bxg5  1-0

[Event "Budapest FS06 GM"]
[Site "Budapest"]
[Date "1997.??.??"]
[Round "3"]
[White "Bunzmann, Dimitrij"]
[Black "Videki, Sandor"]
[Result "0-1"]
[WhiteElo "2385"]
[BlackElo "2375"]

1.d4 d5 2.c4 dxc4 3.e3 c5 4.Bxc4 Nf6 5.Nf3 e6 6.Qe2 a6 7.dxc5 Bxc5 8.O-O O-O
9.e4 Nc6 10.e5 Nd7 11.Bd3 Be7 12.Rd1 Qc7 13.Bf4 Nc5 14.Nc3 Nxd3 15.Rxd3 Nb4
16.Rd4 Rd8 17.Rc4 Nc6 18.Ne4 Qd7 19.Rac1 Qe8 20.Bg5 Rd5 21.Bxe7 Qxe7 22.Nd6 Rb8
23.Nxc8 Rxc8 24.Nd4 Qd7 25.Nxc6 bxc6 26.R4c2 a5 27.h3 h6 28.Qe3 Qc7 29.Rc5 Rcd8
30.Rxd5 Rxd5 31.Rc5 Qd7 32.a3 Rxc5 33.Qxc5 Qd1+ 34.Kh2 Qd5 35.Qc3 a4 36.f4 c5
37.Kg3 Kf8 38.Qf3 Ke7 39.Qxd5 exd5 40.Kf3 Ke6 41.g4 g5 42.Ke3 d4+ 43.Ke4 gxf4
44.Kxf4 d3 45.Ke3 c4 46.Kd2 Kxe5 47.b3 cxb3  0-1

[Event "Budapest FS12 GM"]
[Site "Budapest"]
[Date "1997.??.??"]
[Round "5"]
[White "Salmensuu, Olli"]
[Black "Almasi, Istvan"]
[Result "0-1"]
[WhiteElo "2380"]
[BlackElo "2430"]

1.d4 d5 2.c4 dxc4 3.Nf3 Nf6 4.e3 e6 5.Bxc4 c5 6.O-O a6 7.Bb3 cxd4 8.exd4 Be7
9.Re1 Nc6 10.Nc3 Na5 11.Bc2 b5 12.Ne5 O-O 13.Qd3 Bb7 14.Qh3 b4 15.Bg5 g6
16.Na4 Nh5 17.Bh6 Ng7 18.Nc5 Bd5 19.Ba4 Bxc5 20.dxc5 Qe7 21.Bd2 Nb7 22.Bxb4 Rfc8
23.Ba3 Nh5 24.Qe3 Qh4 25.Bd7 Nf4 26.Bxc8 Nxg2 27.Qg3 Rxc8 28.c6 Na5 29.Red1 Qe4
30.f3 Qe2 31.Bb4 Nc4 32.Nxc4 Qxc4 33.Bc3 Nh4 34.Rxd5 exd5 35.Re1 Qc5+ 36.Kh1 d4
37.Qf2 Nf5 38.Re4 Qxc6 39.Bxd4 Nxd4 40.Rxd4 Qc1+ 41.Qg1 Qxb2 42.Rd1 Qxa2
43.Qg4 Re8 44.Qd4 Qe2 45.Qd5 Re5 46.Qd3 Qxd3 47.Rxd3 Kf8 48.Rd8+ Ke7 49.Ra8 a5
50.Kg2 Rf5 51.Kf2 Kd7 52.Ke3 Kc7 53.Ra6 Kb7 54.Rd6 a4 55.Rd4 Ra5 56.Rd7+ Kc6
57.Re7 a3 58.Re6+ Kd5  0-1

[Event "Budapest FS12 IM-B"]
[Site "Budapest"]
[Date "1997.??.??"]
[Round "7"]
[White "Szeberenyi, Adam"]
[Black "Le Thi Phuong Lien"]
[Result "0-1"]
[WhiteElo "2215"]
[BlackElo "2265"]

1.d4 d5 2.c4 dxc4 3.Nf3 Nf6 4.e3 e6 5.Bxc4 c5 6.Qe2 a6 7.dxc5 Bxc5 8.O-O b5
9.Bd3 Bb7 10.Bxb5+ Nbd7 11.Bd3 O-O 12.e4 Qc7 13.Nbd2 Rfd8 14.Nc4 h6 15.Bd2 Re8
16.Rac1 Qb8 17.h3 Nh5 18.Na5 Ng3 19.Qd1 Nxf1 20.Qxf1 Bd6 21.Qe2 Ne5 22.Nxe5 Bxe5
23.Rc4 Bc8 24.Nc6 Qxb2 25.Rb4 Qxa2 26.Bb1 Qa1 27.Qd3 a5 28.Rb3 Ba6 29.Qc2 a4
30.Rb6 a3 31.Nxe5 Qxe5 32.Bc3 Qg5 33.e5 g6 34.Rb4 Reb8 35.Rg4 Qf5 36.Qxf5 exf5
37.Bxf5 Be2 38.f3 a2  0-1

[Event "Budapest FS03 IM-B"]
[Site "Budapest"]
[Date "1997.??.??"]
[Round "7"]
[White "Jovanovic, Sasa D"]
[Black "Peredy, Ferenc"]
[Result "1/2-1/2"]
[WhiteElo "2385"]
[BlackElo "2200"]

1.d4 d5 2.c4 dxc4 3.Nf3 Nf6 4.e3 c5 5.Bxc4 e6 6.O-O a6 7.a3 b5 8.Ba2 Bb7
9.Qe2 Nbd7 10.Nc3 Be7 11.e4 b4 12.axb4 cxb4 13.e5 bxc3 14.exf6 Nxf6 15.bxc3 O-O
16.Rd1 Ne4 17.Qd3 Rc8 18.c4 Bb4 19.Bb2 Qf6 20.Qe3 Nd6 21.Ne5 Nf5 22.Qf4 Rfd8
23.g3 a5 24.Rab1 Nd6 25.Qe3 Nf5 26.Qe2 Qh6 27.Qg4 f6 28.Bc1 g5 29.c5 Bd5
30.Bxd5 Rxd5 31.Nc4 Rcd8 32.Be3 Qg6 33.Qe4 Nxd4 34.Rxd4 Rxd4 35.Qxg6+ hxg6
36.Bxd4 Rxd4 37.Rc1 Bxc5 38.Nxa5 Bb6 39.Nc4 Bd8 40.Ne3 Kf7 41.Ra1 Rd7 42.Rd1 Rxd1+
43.Nxd1 Bb6 44.Nc3 g4 45.Kg2 Bd4 46.Ne2 Be5 47.h3 gxh3+ 48.Kxh3 Bd6 49.Kg2 Ke7
50.f4 Bc5 51.Kf3 Kd6 52.g4 Kd5 53.Nc3+ Kc4 54.Ne4 Be7 55.Ng3 Kd3 56.Ne4 Kd4
57.Ng3 g5 58.fxg5 fxg5 59.Ne4 Bd8 60.Ng3 Bc7 61.Ne4 Bf4 62.Nf6  1/2-1/2

[Event "Budapest FS12 IM-A"]
[Site "Budapest"]
[Date "1997.??.??"]
[Round "8"]
[White "Vandrey, Wolfgang"]
[Black "Nguyen Thi Tuong Van"]
[Result "1/2-1/2"]
[WhiteElo "2300"]
[BlackElo "2160"]

1.d4 d5 2.Nf3 Nf6 3.c4 dxc4 4.e3 e6 5.Bxc4 c5 6.O-O a6 7.b3 cxd4 8.Nxd4 Be7
9.Nd2 O-O 10.Be2 Qc7 11.Bb2 Bd7 12.Rc1 Nc6 13.Bf3 Nd5 14.Nxc6 Bxc6 15.Bxd5 exd5
16.Nf3 Rac8 17.Rc2 Qd6 18.Nd4 Qg6 19.Qf3 Bf6 20.Rd2 Bxd4 21.Bxd4 Rfe8 22.h3 Re6
23.a4 Qe4 24.Qe2 Rg6 25.f4 Bd7 26.Kh2 Rgc6 27.Rf3 Bf5 28.Rg3 Rg6 29.Qe1 Qb1
30.Qxb1 Bxb1 31.Rxg6 Bxg6  1/2-1/2

[Event "Cannes op-B 18th"]
[Site "Cannes"]
[Date "1997.??.??"]
[Round "5"]
[White "Kovacevic, Blazimir"]
[Black "Peric, S."]
[Result "1-0"]
[WhiteElo "2340"]
[BlackElo "2260"]

1.d4 d5 2.c4 dxc4 3.e3 c5 4.Bxc4 e6 5.Nf3 Nf6 6.O-O a6 7.b3 Qc7 8.Bb2 cxd4
9.Nxd4 b5 10.Be2 Bb7 11.Nd2 Nbd7 12.Rc1 Qb6 13.a4 e5 14.N4f3 Bd6 15.a5 Qxa5
16.Nc4 bxc4 17.Qxd6 Ne4 18.b4 Qd8 19.Qd1 Qe7 20.Bxc4 O-O 21.Qb3 Ng5 22.Nxg5 Qxg5
23.Bd5 Ra7 24.Bxb7 Rxb7 25.Qd5 Rfb8 26.Rc8+ Nf8 27.Rfc1 Qf5 28.Qxe5 Qxe5
29.Bxe5 Rxc8 30.Rxc8 Rd7 31.Bd4 f6 32.Ra8 Kf7 33.Rxa6 Ne6 34.Ra7 Ke7 35.Rxd7+ Kxd7
36.b5 Nc7 37.b6 Nb5 38.Kf1 Kc6 39.Ke2 Nd6 40.Kd3 Nc8 41.Ke4 Nd6+ 42.Kf4 h5
43.g4 hxg4 44.Kxg4 Kd5 45.Kh5  1-0

[Event "Corsica rap op"]
[Site "Corsica"]
[Date "1997.??.??"]
[Round "4"]
[White "Tkachiev, Vladislav"]
[Black "Legky, Nikolay A"]
[Result "1/2-1/2"]
[WhiteElo "2615"]
[BlackElo "2490"]

1.d4 d5 2.c4 dxc4 3.e3 Nf6 4.Bxc4 e6 5.Nf3 c5 6.O-O Nc6 7.Qe2 cxd4 8.Rd1 Be7
9.Nc3 O-O 10.exd4 Na5 11.Bd3 b6 12.Bg5 Bb7 13.Rac1 Rc8 14.Bb1 Nd5 15.Qe4 g6
16.Qh4 f6 17.Bh6 Nxc3 18.Rxc3 Rxc3 19.bxc3 Bxf3 20.gxf3 f5 21.Qg3 Re8 22.Re1 Bf6
23.a4 Qd5 24.Qc7 Qxf3 25.Rxe6 Qd1+  1/2-1/2

[Event "Corsica rap op"]
[Site "Corsica"]
[Date "1997.??.??"]
[Round "6"]
[White "Verdier, Patrice"]
[Black "Magem Badals, Jorge"]
[Result "1/2-1/2"]
[WhiteElo "2325"]
[BlackElo "2550"]

1.d4 d5 2.c4 dxc4 3.Nf3 Nf6 4.e3 e6 5.Bxc4 c5 6.O-O a6 7.a4 Nc6 8.Nc3 Qc7
9.Qe2 Bd6 10.Rd1 O-O 11.h3 b6 12.dxc5 Bxc5 13.e4 Nd7 14.Bg5 Bb7 15.Rac1 h6
16.Bh4 Nde5 17.Bg3 Nxf3+ 18.Qxf3 Qe7 19.Qh5 Qg5 20.Qxg5 hxg5 21.Rd7 Na5 22.Ba2 Rfd8
23.Rcd1 Rxd7 24.Rxd7 Bc6 25.Rd1 b5 26.Rc1 Nb7 27.axb5 axb5 28.Bb1 b4 29.Ne2 Rd8
30.Kh2 Rd2 31.Rc2 Rd1 32.Rc1 Ba4 33.Rxd1 Bxd1 34.Bd3 Bxe2 35.Bxe2 Bd4 36.b3 Nc5
37.Bd6 Nxb3 38.Bxb4 Bxf2 39.Bc4 Na1 40.Bc3 Nc2  1/2-1/2

[Event "Corsica rap op"]
[Site "Corsica"]
[Date "1997.??.??"]
[Round "7"]
[White "Pujos, Stephane"]
[Black "Flear, Glenn C"]
[Result "0-1"]
[WhiteElo "2255"]
[BlackElo "2475"]

1.d4 d5 2.c4 dxc4 3.Nf3 Nf6 4.e3 e6 5.Bxc4 c5 6.O-O a6 7.Bb3 b5 8.a4 b4 9.Nbd2 Bb7
10.e4 cxd4 11.e5 Nfd7 12.Nc4 Nc5 13.Bg5 f6 14.Bf4 Nc6 15.Re1 Kf7 16.Rc1 Nxb3
17.Qxb3 Qd5 18.exf6 gxf6 19.Nd6+ Bxd6 20.Qxd5 exd5 21.Bxd6 Rhe8 22.Bxb4 Nxb4
23.Rc7+ Kg8 24.Rxe8+ Rxe8 25.Rxb7 d3 26.Kf1 Nc2 27.Rc7 d2  0-1

[Event "Corsica rap op"]
[Site "Corsica"]
[Date "1997.??.??"]
[Round "8"]
[White "Alexander, Paco"]
[Black "Magem Badals, Jorge"]
[Result "0-1"]
[WhiteElo "2195"]
[BlackElo "2550"]

1.d4 d5 2.c4 dxc4 3.Nf3 Nf6 4.e3 e6 5.Bxc4 c5 6.O-O a6 7.Bb3 Nc6 8.Nc3 cxd4
9.exd4 Be7 10.d5 exd5 11.Nxd5 Nxd5 12.Bxd5 O-O 13.Be3 Bf6 14.Bc5 Re8 15.Ba3 Qc7
16.Re1 Rxe1+ 17.Qxe1 Bd7 18.Qd2 h6 19.Rd1 Rd8 20.Qc2 Qb6 21.Qb3 Qxb3 22.Bxb3 Na5
23.Bc2 Nc4 24.Bb4 Nxb2 25.Rb1 Bc6 26.Bb3 Bd5 27.Ba5 Rd7 28.Bxd5 Rxd5 29.Bb6 Na4
30.Be3 Nc3  0-1

[Event "Cseppko op"]
[Site "Cseppko"]
[Date "1997.??.??"]
[Round "4"]
[White "Krutti, Valer"]
[Black "Meszaros, Andras"]
[Result "1-0"]
[WhiteElo "2280"]
[BlackElo "2320"]

1.d4 d5 2.Nf3 Nf6 3.c4 dxc4 4.e3 e6 5.Bxc4 c5 6.O-O a6 7.Qe2 b5 8.Bd3 Bb7
9.dxc5 Qc7 10.e4 Bxc5 11.e5 Ng4 12.Bf4 Nc6 13.Nbd2 Nb4 14.Ne4 Nd5 15.Bg3 Qb6
16.Nfg5 Nh6 17.Nxc5 Qxc5 18.Ne4 Qe7 19.Nd6+ Kf8 20.Qh5 Bc6 21.Rac1 Be8 22.Qf3 Rb8
23.Be4 Nb6 24.Qa3 Na4 25.Rc2 Bd7 26.Rfc1 Nf5 27.Rc7 Nxg3 28.hxg3 g6 29.Bc6 Rd8
30.b3 Nb6 31.Qxa6 Nd5 32.Rxd7 Rxd7 33.Bxd7 Qxd7 34.Qc8+ Qxc8 35.Rxc8+ Kg7
36.Rxh8 Kxh8 37.Nxb5 Kg7 38.a4 f6 39.a5 Nb4 40.Nc7 fxe5 41.a6 Nc6 42.b4 Nxb4
43.a7  1-0

[Event "Cutro"]
[Site "Cutro"]
[Date "1997.??.??"]
[Round "?"]
[White "Drasko, Milan"]
[Black "Aleksic, Nenad"]
[Result "1/2-1/2"]
[WhiteElo "2555"]
[BlackElo "2440"]

1.d4 d5 2.c4 dxc4 3.Nf3 Nf6 4.e3 c5 5.Bxc4 e6 6.O-O a6 7.dxc5 Qxd1 8.Rxd1 Bxc5
9.a3 b5 10.Be2 Bb7 11.b4 Be7 12.Bb2 Nbd7 13.Bd4 O-O 14.Nbd2 Bd5 15.Be5  1/2-1/2

[Event "Cutro"]
[Site "Cutro"]
[Date "1997.??.??"]
[Round "?"]
[White "Naumkin, Igor"]
[Black "Drasko, Milan"]
[Result "1/2-1/2"]
[WhiteElo "2435"]
[BlackElo "2555"]

1.d4 Nf6 2.Nf3 d5 3.c4 dxc4 4.e3 e6 5.Bxc4 c5 6.O-O a6 7.a4 Nc6 8.Qe2 Qc7
9.Nc3 Bd6 10.h3 O-O 11.Rd1 b6 12.b3 Bb7 13.Bb2  1/2-1/2

[Event "Cutro"]
[Site "Cutro"]
[Date "1997.??.??"]
[Round "?"]
[White "Cabrilo, Goran"]
[Black "Aleksic, Nenad"]
[Result "1/2-1/2"]
[WhiteElo "2475"]
[BlackElo "2440"]

1.d4 d5 2.c4 dxc4 3.e3 Nf6 4.Bxc4 e6 5.Nf3 c5 6.O-O Nc6 7.Qe2 a6 8.a4 Qc7
9.Nc3 Bd6 10.Rd1 O-O 11.Bd2 e5 12.dxc5 Bxc5 13.Nd5 Nxd5 14.Bxd5 Qe7  1/2-1/2

[Event "Dhaka"]
[Site "Dhaka"]
[Date "1997.??.??"]
[Round "6"]
[White "Nguyen Anh Dung"]
[Black "Prasad, Devaki V"]
[Result "1/2-1/2"]
[WhiteElo "2465"]
[BlackElo "2450"]

1.d4 d5 2.c4 dxc4 3.Nf3 Nf6 4.e3 e6 5.Bxc4 c5 6.O-O a6 7.a4 Nc6 8.Nc3 Qc7
9.Qe2 Bd6 10.dxc5 Bxc5 11.e4 Ng4 12.g3 O-O 13.Bf4 Nge5 14.Nxe5 Nxe5 15.Rac1 Bd4
16.Ba2 Qb6 17.Rfd1 Ng6 18.Bc7 Qxc7 19.Rxd4 Ne5 20.Qe3 Bd7 21.Rdd1 Rad8 22.b4 Nc6
23.b5 axb5 24.axb5 Ne5 25.Qf4 b6 26.Nd5 Qb8 27.Nc7 Ng6 28.Qe3 Qa7 29.Bb3 Bc8
30.Na6 Bb7 31.Rxd8 Rxd8 32.Rc7 Rc8 33.Qc3 Bxa6 34.Rxc8+ Bxc8 35.Qxc8+ Nf8
36.Kg2 Qd7 37.Qc4 Qd6  1/2-1/2

[Event "GER-ch U20 qual"]
[Site "Dortmund"]
[Date "1997.??.??"]
[Round "?"]
[White "Ballo, Emanuel"]
[Black "Lindinger, Markus"]
[Result "1/2-1/2"]
[WhiteElo "2195"]
[BlackElo "2250"]

1.d4 d5 2.c4 dxc4 3.Nf3 Nf6 4.e3 e6 5.Bxc4 c5 6.O-O a6 7.a3 b5 8.Ba2 cxd4
9.exd4 Bb7 10.Nc3 Be7 11.Bg5 O-O 12.Qe2 Nbd7 13.Ne5 Nxe5 14.dxe5 Nd7 15.Bxe7 Qxe7
16.Rac1 b4 17.axb4 Qxb4 18.Rfd1 Nc5 19.Qc4 Qxc4 20.Bxc4 Rfc8 21.b4 Ne4 22.Nxe4 Bxe4
23.Bxa6 Rxc1 24.Rxc1 Kf8 25.Rc8+ Rxc8 26.Bxc8 Ke7 27.Ba6 f6 28.f4 fxe5 29.fxe5 Kd7
30.Bb5+ Bc6 31.Bc4 g5 32.Kf2 h6 33.g3 Be4 34.Ke3 Bf5 35.Kf3 Bc2 36.Bb5+ Kc7
37.Ke3 Bf5 38.Bd3 Bg4 39.Be2 Bf5 40.Kd4 Kc6 41.Bf1 Bg4 42.h3 Bf5 43.g4 Bg6
44.Bc4 Bf7 45.Be2 Be8 46.Kc4 Kb6 47.Kd4 Bd7 48.Bd3 Bc8 49.Kc3 Bd7  1/2-1/2

[Event "FRA-chT9697 groupe B"]
[Site "France"]
[Date "1997.??.??"]
[Round "3"]
[White "Salus, Stephane"]
[Black "Collas, Didier"]
[Result "1/2-1/2"]
[WhiteElo "2365"]
[BlackElo "2235"]

1.d4 d5 2.c4 dxc4 3.Nf3 e6 4.e3 c5 5.Bxc4 Nf6 6.O-O Nc6 7.Qe2 cxd4 8.Rd1 Be7
9.exd4 O-O 10.Nc3 Na5 11.Bd3 b6 12.Bg5 Bb7 13.Rac1 Nd5 14.Bd2 Rc8 15.Ne4 Rxc1
16.Bxc1 Nf6 17.Ng3 Qd5 18.Bb1 Rd8 19.Qf1 Qc4 20.Ne5 Qxf1+ 21.Kxf1 Nc6 22.Nf3 h6
23.a3 Bc5 24.Ne2 Ba6 25.Be3 e5 26.Bd3 Bxd3 27.dxc5 Ng4 28.cxb6 Nxe3+ 29.fxe3 axb6
30.Kf2 f6 31.Nc3 Kf7 32.e4 Ke8 33.Ke3 Bc4 34.Rxd8+ Kxd8 35.Nd2 Be6 36.Nd5 Bxd5
37.exd5 Ne7 38.Ke4 Kd7 39.a4 Kd6 40.Nc4+ Kc5 41.Ne3 Nc8 42.Kd3 Nd6 43.Kc3 Ne4+  1/2-1/2

[Event "Arnold mem"]
[Site "Gausdal"]
[Date "1997.??.??"]
[Round "4"]
[White "Tisdall, Jonathan D"]
[Black "Moen, Andreas"]
[Result "1-0"]
[WhiteElo "2480"]
[BlackElo "2205"]

1.d4 d5 2.c4 dxc4 3.e3 Nf6 4.Bxc4 e6 5.Nf3 c5 6.O-O a6 7.dxc5 Qxd1 8.Rxd1 Bxc5
9.b3 Nc6 10.Bb2 Ke7 11.Nc3 b5 12.Be2 Bb7 13.Rac1 Bb6 14.Ng5 Rhd8 15.Nce4 Nxe4
16.Nxe4 Rxd1+ 17.Rxd1 Nb4 18.Bf3 Nd5 19.Bxg7 f6 20.Nxf6 Nxf6 21.Bxb7 Rb8
22.Bf3 Kf7 23.Bxf6 Kxf6 24.Rd6 Bc7 25.Rc6 Ke7 26.Bg4 Bd6 27.g3 Kd7 28.Rc2 a5
29.a4 bxa4 30.bxa4 Rb7 31.Kg2 Ke7 32.Be2 Rb4 33.Bb5 Kf6 34.Rc6 Be7 35.h4  1-0

[Event "Geneve op"]
[Site "Geneve"]
[Date "1997.??.??"]
[Round "3"]
[White "Horber, Jean Marc"]
[Black "Peric, Slavisa"]
[Result "0-1"]
[WhiteElo "2130"]
[BlackElo "2260"]

1.d4 d5 2.c4 dxc4 3.e3 e6 4.Bxc4 Nf6 5.Nf3 c5 6.O-O a6 7.a4 Nc6 8.Nc3 Qc7
9.Qe2 Be7 10.Rd1 O-O 11.dxc5 Bxc5 12.h3 b6 13.e4 Bb7 14.e5 Nd7 15.Bf4 Be7
16.Rac1 Nc5 17.Ba2 Rad8 18.Bb1 Rxd1+ 19.Rxd1 Rd8 20.Rxd8+ Qxd8 21.Be3 Nb4
22.Bxc5 Bxc5 23.Ne4 Be7 24.h4 h6 25.h5 Qc7 26.Qe3 Kf8 27.Kh2 Nd5 28.Qd2 Qc4
29.b3 Qxb3 30.Nd6 Bxd6  0-1

[Event "BL9798 (Women)"]
[Site "Germany"]
[Date "1997.??.??"]
[Round "?.1"]
[White "Bobrowska, Monika"]
[Black "Peng, Zhaoqin"]
[Result "1/2-1/2"]
[WhiteElo "2360"]
[BlackElo "2400"]

1.d4 d5 2.Nf3 e6 3.c4 dxc4 4.e3 c5 5.Bxc4 Nf6 6.Qe2 a6 7.dxc5 Bxc5 8.O-O Nc6
9.e4 Nd4 10.Nxd4 Qxd4 11.Nc3 b5 12.Bd3 h5 13.Be3 Qe5 14.Bxc5 Ng4 15.g3 Qxc5
16.Rac1 Qg5 17.f3 Nh6 18.e5 Nf5 19.Bxf5 exf5 20.f4 Qd8 21.Rfd1 Qb6+ 22.Qf2 Qxf2+
23.Kxf2 Be6 24.Nd5 Bxd5 25.Rxd5 h4 26.Rc7 hxg3+ 27.Kxg3 O-O 28.e6 fxe6 29.Rdd7 Kh8
30.Rxg7 Rg8 31.Rg5 Rad8 32.Kh4 Rxg5 33.fxg5 e5 34.g6 e4 35.Kg5 Re8 36.Kxf5 e3
37.Rc1 e2 38.Re1 Kg7 39.Kg5 Re6 40.Kf5 Rf6+ 41.Kg4 Rxg6+ 42.Kf3 Rf6+ 43.Kxe2 Rh6  1/2-1/2

[Event "BL2-S9697"]
[Site "Germany"]
[Date "1997.??.??"]
[Round "?.4"]
[White "Schlager, Thomas"]
[Black "Bialas, Wolfram"]
[Result "1/2-1/2"]
[WhiteElo "2325"]
[BlackElo "2335"]

1.d4 d5 2.c4 dxc4 3.e3 Nf6 4.Bxc4 e6 5.Nf3 c5 6.O-O a6 7.a4 Nc6 8.Qe2 Qc7
9.Nc3 Bd6 10.dxc5 Bxc5 11.b3 O-O 12.Bb2 b6 13.Rac1 Bb7 14.Bd3 Nb4 15.Bb1 Rad8  1/2-1/2

[Event "NRW-Liga 9798"]
[Site "Germany"]
[Date "1997.??.??"]
[Round "2"]
[White "Kalka, Arkadius Georg"]
[Black "Jonkman, Harmen"]
[Result "1-0"]
[WhiteElo "2320"]
[BlackElo "2365"]

1.d4 d5 2.c4 dxc4 3.e3 Nf6 4.Bxc4 e6 5.Nf3 c5 6.O-O a6 7.Bb3 Nc6 8.Qe2 cxd4
9.Rd1 d3 10.Rxd3 Qc7 11.Nc3 Be7 12.e4 Nd7 13.Nd5 exd5 14.exd5 O-O 15.dxc6 Nc5
16.Rc3 Nxb3 17.cxb7 Nxc1 18.Raxc1 Qxb7 19.Rc7 Qd5 20.Rxe7 Be6 21.b3 a5 22.Rec7 h6
23.R1c2 Rfd8 24.h3 Qd1+ 25.Kh2 a4 26.Qxd1 Rxd1 27.b4 a3 28.b5 Kh7 29.b6 Rb1
30.Ra7 Rb8 31.Nd4 Rb2 32.Rxa3 Rxc2 33.Nxc2 Rxb6 34.Nd4 Bd5 35.Ra5 Bc4 36.a4 Rb2
37.Kg3 Rd2 38.Nf5 Rd3+ 39.Ne3 Ra3 40.Rc5 Be6 41.a5 Kg6 42.Kf4 Ra2 43.Nc2 Kf6
44.Ke3 Ke7 45.Nd4 Bd7 46.Nf5+ Kf6 47.Nd6 Ke7 48.Nf5+ Kf6 49.Nd6 Ke7 50.Nb7 Be6
51.g4 g5 52.f3 Kd7 53.Kd4 Ra4+ 54.Kc3 Ra3+ 55.Kd4 Ra4+ 56.Kd3 Ra1 57.Ke2 Ra2+
58.Ke3 Ra3+ 59.Kf2 Ra2+ 60.Kg3 Ra3 61.h4 f6 62.h5 Ra2 63.Kh3 Bf7 64.Kg3 Be6
65.Rc3 Bd5 66.a6 Ke6 67.Rd3 Ke5 68.Nc5 Bc4 69.Nd7+ Ke6 70.Nc5+ Ke5 71.Rd8 Bf1
72.Nd3+ Ke6 73.Nf2 Rxa6 74.Ne4 Ra2 75.Nd2 Bb5 76.Ne4 Bf1 77.f4 gxf4+ 78.Kxf4 Ra4
79.Ke3 Ra3+ 80.Kf2 Bb5 81.Rb8 Bc6 82.Rb6 Ke5 83.Rxc6  1-0

[Event "Karsten Kold op"]
[Site "Gistrup"]
[Date "1997.??.??"]
[Round "1"]
[White "Shipov, Sergei"]
[Black "Hartman, Christer"]
[Result "1-0"]
[WhiteElo "2575"]
[BlackElo "2320"]

1.d4 d5 2.c4 dxc4 3.Nf3 Nf6 4.e3 e6 5.Bxc4 c5 6.Qe2 a6 7.dxc5 Bxc5 8.O-O b5
9.Bd3 Nc6 10.Nbd2 Bb7 11.e4 Qc7 12.Nb3 Bd6 13.Bg5 Nd7 14.Rac1 O-O 15.Rfd1 Rac8
16.Bb1 Nde5 17.Nxe5 Bxe5 18.h3 h6 19.Be3 Rfd8 20.Nc5 Rxd1+ 21.Rxd1 Rd8 22.Rxd8+ Nxd8
23.Qd2 Bc8 24.b4 Qd6 25.Qc1 Nc6 26.Nd3 Bb7 27.Nxe5 Nxe5 28.Qd2 Qc7 29.Bd4 Nc4
30.Qc3 Qf4 31.f3 e5 32.Bf2 Bc8 33.Bd3 Qd2 34.Qxd2 Nxd2 35.Be1 Nc4 36.Bc3 Be6
37.Kf2 f6 38.Ke2 Nb6 39.Bb1 Bc4+ 40.Kf2 Kf7 41.g3 g5 42.h4 Be6 43.Bd2 Nc4
44.Bc1 Kg6 45.Bc2 Nd6 46.a3 gxh4 47.gxh4 f5 48.exf5+ Bxf5 49.Bb3 Nc4 50.a4 e4
51.fxe4 Bxe4 52.a5 h5 53.Kg3 Kf6 54.Kf4 Bc6 55.Bd1 Kg6 56.Bc2+ Kf6 57.Bd1 Kg6
58.Be3 Bg2 59.Bd4 Bh3 60.Bc2+ Kf7 61.Be4 Nd6 62.Bd5+ Be6 63.Bf3 Bg4 64.Bxg4 hxg4
65.Kxg4 Ke6 66.h5 Nf7 67.Kf4  1-0